00872nam a22002177a 450000500170000000800430001702000180006005000190007824500890009725000110018626000580019730000210025549000700027665000320034665000330037865000350041170000350044694200130048199900190049495201410051320220830080538.0220830b ck ||||| |||| 00| 0 spa d a978958710263504aDP99bR39 2007 aLas Razones de la convivencia / ceditores Luis Villar Borda, José María Rosales a1a ed. aBogotá :bUniversidad Externado de Colombia, c2007 a237 p. ;c16 cm. 0aSerie de teoría jurídica y filosofía del derecho ; vNo. 49 4aDerechos civiles xColombia 4aMulticulturalismo xColombia 4aPluralismo cultural xColombia1 aRosales, José María, eed. 2lcccLIB c164007d164005 102lcc4071aLIC-020bLIC-020cFLVd2022-08-30eDONf1a ed.iHkEHl0oDP99 R39 2007pBFF000038051r2022-08-30 00:00:00tC:1v1.00yLIB